=LDR 00000nam 2200000 4500 =001 INLIS000000000059879 =005 20211213071926 =035 ##$$a 0010-1221000106 =007 ta =008 211213###########################0#ind## =020 ##$$a 979-421-140-0 =082 ##$$a 300 =084 ##$$a 300 Hos p =245 1#$$a PanduanDasar Ilmu-Ilmu Sosial : $b Pemerkaya Pendekatan Antar Disiplin dan Bacaan Awal Sebelum Memilih Spesialisasi /$c Bert F. Hoselitz,Ed. =300 ##$$a xii,676 halaman ; $c 21 cm. =650 #4$$a Ilmu-Ilmu Sosial =264 ##$$a jakarta :$b Rajawali Press,$c 1988 =336 ##$$a teks$2 rdacontent =337 ##$$a lain-lain$2 rdamedia =338 ##$$a lain-lain$2 rdacarrier =990 ##$$a 35113511